[Event "Tourn. n9038"]
[Site "www.chess-mail.com"]
[Date "2016.12.04"]
[Round "1"]
[White "Luban"]
[Black "Falcoale"]
[WhiteElo "1920"]
[BlackElo "1820"]
[Result "1-0"]
[Round "1"]
1.d4 Ng8f6
2.c4 e6
3.a3 b6
4.e3 Bc8b7
5.Ng1f3 d5
6.Nb1c3 Bf8e7
7.Bf1d3 O-O
8.O-O Nb8d7
9.Rf1e1 a6
10.e4 dxe4
11.Nc3xe4 Nf6xe4
12.Bd3xe4 Bb7xe4
13.Re1xe4 Nd7f6
14.Re4e1 Rf8e8
15.h3 c5
16.Bc1e3 Qd8c7
17.Ra1c1 Ra8d8
18.Qd1c2 cxd4
19.Nf3xd4 Be7c5
20.Re1d1 Rd8d7
21.b4 Bc5e7
22.Nd4b3 Re8d8
23.Rd1xd7 Rd8xd7
24.c5 bxc5
25.Nb3xc5 Be7xc5
26.Qc2xc5 Qc7xc5
27.Rc1xc5 h6
28.Rc5c6 a5
29.b5 Nf6d5
30.Rc6a6 Nd5xe3
31.fxe3 a4
32.b6 Rd7b7
33.Kf2 Kf8
34.Ke2 g5
35.Kd3 f5
36.Kd4 h5
37.Kc4 e5
38.Kd5 f4
39.exf4 exf4
40.Kc6 Rb7f7
41.Ra6a8 Kg7
42.Ra8a7 { resign }
1-0

[Event "Tourn. n9095"]
[Site "www.chess-mail.com"]
[Date "2016.12.04"]
[Round "1"]
[White "Caspito"]
[Black "Bojan"]
[WhiteElo "1850"]
[BlackElo "2090"]
[Result "1-0"]
[Round "1"]
1.e4 e5
2.Ng1f3 d6
3.Bf1c4 h6
4.O-O Ng8f6
5.Nb1c3 Nf6h7
6.d4 exd4
7.Nf3xd4 Bf8e7
8.Qd1f3 Be7f6
9.Bc1e3 a6
10.Nd4f5 Bc8e6
11.Bc4xe6 fxe6
12.Qf3h5 Kd7
13.Qh5f7 Kc8
14.Nf5xg7 Bf6xg7
15.Qf7xg7 Nh7g5
16.e5 Nb8c6
17.exd6 cxd6
18.Ra1d1 d5
19.Be3xg5 hxg5
20.Rf1e1 e5
21.Rd1xd5 Qd8e8
22.Re1d1 Qe8h5
23.h3 Nc6d4
24.Rd5c5 Kb8
25.Qg7xe5 Ka7
26.Qe5xd4 Ra8b8
27.Rc5xg5 { resign }
1-0

[Event "Tourn. n9001"]
[Site "www.chess-mail.com"]
[Date "2016.12.04"]
[Round "1"]
[White "Falcoale"]
[Black "Cal"]
[WhiteElo "1640"]
[BlackElo "1620"]
[Result "1-0"]
[Round "1"]
1.e4 e5
2.Ng1f3 d6
3.Bf1c4 Bc8g4
4.h3 Bg4h5
5.d3 Nb8c6
6.c3 a6
7.Nb1d2 Ng8f6
8.O-O h6
9.Qd1e1 b5
10.Bc4b3 Bf8e7
11.Nf3h2 O-O
12.Nd2f3 Qd8d7
13.Nf3d2 Nf6h7
14.Bb3d1 Bh5xd1
15.Qe1xd1 f5
16.Qd1b3 Kh8
17.f3 f4
18.c4 Nc6d4
19.Qb3d1 bxc4
20.Nd2xc4 Rf8f6
21.Nh2g4 Rf6g6
22.b3 Be7f6
23.Ng4xf6 Rg6xf6
24.Bc1b2 Rf6g6
25.Kh1 Rg6g3
26.Rf1f2 Nh7g5
27.Bb2xd4 exd4
28.Ra1c1 Ng5xh3
29.gxh3 Ra8f8
30.Rf2h2 Rf8f6
31.Qd1d2 Rg3xf3
32.Qd2g2 Rf3xd3
33.e5 dxe5
34.Nc4xe5 Qd7d6
35.Ne5xd3 f3
36.Qg2f2 Qd6d5
37.Rc1xc7 Qd5e4
38.Nd3c5 Qe4f4
39.Rc7c8 Kh7
40.Qf2c2 Rf6f5
41.Nc5d3 Qf4g3
42.Nd3f2 Qg3f4
43.Rc8c5 h5
44.Qc2xf5 Qf4xf5
45.Rc5xf5 g6
46.Rf5xf3 { resign }
1-0

[Event "Tourn. n9085"]
[Site "www.chess-mail.com"]
[Date "2016.12.04"]
[Round "1"]
[White "Redabond"]
[Black "Nulladies"]
[WhiteElo "1710"]
[BlackElo "1820"]
[Result "0-1"]
[Round "1"]
1.d4 Ng8f6
2.Bc1f4 d6
3.Nb1c3 g6
4.e3 Bf8g7
5.Bf1c4 O-O
6.Ng1f3 Nb8c6
7.d5 Nc6a5
8.Bc4d3 Nf6h5
9.O-O Nh5xf4
10.e4 Nf4xd3
11.Qd1xd3 c6
12.dxc6 Na5xc6
13.h3 Nc6b4
14.Qd3e2 Bg7xc3
15.bxc3 Nb4c6
16.e5 Bc8e6
17.exd6 Qd8xd6
18.Rf1d1 Qd6c7
19.Nf3g5 Nc6d8
20.Ra1b1 Be6xa2
21.Rb1b2 Ba2e6
22.Qe2f3 h6
23.Ng5e4 Be6f5
24.g4 Bf5xe4
25.Qf3xe4 Qc7c6
26.Qe4xe7 Rf8e8
27.Qe7b4 Re8e4
28.Rd1d4 Re4e1
29.Kh2 Qc6h1
30.Kg3 Re1e3
31.fxe3 Qh1g1
32.Kh4 Qg1f2

0-1

[Event "Tourn. n9019"]
[Site "www.chess-mail.com"]
[Date "2016.12.04"]
[Round "1"]
[White "Julian"]
[Black "Umutkrc"]
[WhiteElo "2020"]
[BlackElo "1920"]
[Result "1-0"]
[Round "1"]
1.e4 e6
2.d4 a6
3.Ng1f3 h6
4.c4 c6
5.Bf1d3 Ng8f6
6.e5 Nf6h5
7.O-O d6
8.Nb1c3 d5
9.cxd5 cxd5
10.g4 Nh5f6
11.exf6 Qd8xf6
12.Nf3e5 Nb8d7
13.f4 Nd7xe5
14.dxe5 Qf6d8
15.Qd1f3 Qd8b6
16.Kh1 Bc8d7
17.f5 Qb6d8
18.Bc1f4 d4
19.Nc3e4 exf5
20.gxf5 Bd7c6
21.Ra1e1 Bf8b4
22.Re1e2 Qd8d5
23.e6 fxe6
24.fxe6 Qd5xe6
25.Ne4d6 Kd7
26.Bd3e4 Bc6xe4
27.Re2xe4 Qe6d5
28.Qf3g4 Kc6
29.Rf1c1 Kb6
30.Qg4e6 Qd5xe6
31.Re4xe6 Ka7
32.a3 Bb4a5
33.b4 Ba5b6
34.b5 a5
35.Nd6c4 Ra8c8
36.Nc4xb6 Rc8xc1
37.Bf4xc1 Rh8f8
38.Bc1d2 Rf8f1
39.Kg2 Rf1a1
40.Bd2xa5 Ra1xa3
41.Nb6c4 Ra3a2
42.Kh3 d3
43.Ba5b6 { resign }
1-0

[Event "Tourn. n9029"]
[Site "www.chess-mail.com"]
[Date "2016.12.04"]
[Round "1"]
[White "Falcoale"]
[Black "Mao"]
[WhiteElo "1750"]
[BlackElo "1780"]
[Result "0-1"]
[Round "1"]
1.e4 e5
2.Ng1f3 Nb8c6
3.Bf1c4 Bf8c5
4.O-O Ng8f6
5.d3 d6
6.h3 O-O
7.Bc1g5 h6
8.Bg5h4 Bc8e6
9.Bc4b3 Rf8e8
10.Nb1c3 a6
11.Nf3h2 Nc6b8
12.Bb3d5 c6
13.Bd5b3 Nb8d7
14.Kh1 b5
15.Nc3e2 Qd8b6
16.Nh2f3 a5
17.Bb3xe6 Re8xe6
18.Bh4g3 Re6e8
19.Nf3d2 a4
20.c3 a3
21.b3 b4
22.c4 Ra8d8
23.Nd2f3 d5
24.exd5 cxd5
25.d4 exd4
26.Ne2xd4 Nf6e4
27.Bg3h4 g5
28.Bh4g3 Ne4c3
29.Qd1c2 Bc5xd4
30.Nf3xd4 Qb6xd4
31.cxd5 Qd4xd5
32.f4 Nc3e2
33.Bg3h2 Ne2xf4
34.Bh2xf4 gxf4
35.Rf1xf4 Qd5e5
36.Rf4g4 Kh8
37.Qc2d2 Qe5xa1
38.Kh2 Qa1e5
39.Rg4g3 Qe5f6
40.Qd2xb4 h5
41.Qb4xa3 h4
42.Rg3f3 Qf6e5
43.Kg1 Nd7c5
44.Rf3xf7 Rd8d1
45.Rf7f1 Qe5e3
{ resign }
0-1

[Event "Tourn. n9070"]
[Site "www.chess-mail.com"]
[Date "2016.12.04"]
[Round "1"]
[White "Julian"]
[Black "Manuelito"]
[WhiteElo "1870"]
[BlackElo "1730"]
[Result "1-0"]
[Round "1"]
1.e4 e5
2.Ng1f3 d6
3.d4 exd4
4.Nf3xd4 Nb8c6
5.c4 Nc6xd4
6.Qd1xd4 Bc8e6
7.Nb1c3 Qd8f6
8.Bc1e3 Qf6xd4
9.Be3xd4 a6
10.Bf1e2 Ng8e7
11.Nc3d5 Ne7xd5
12.exd5 Be6d7
13.O-O-O O-O-O
14.Rh1e1 f6
15.Be2h5 c5
16.dxc6 Bd7xc6
17.Bd4b6 Rd8d7
18.Re1e8 { resign }
1-0

[Event "Tourn. n9046"]
[Site "www.chess-mail.com"]
[Date "2016.12.04"]
[Round "1"]
[White "Julian"]
[Black "Bojan"]
[WhiteElo "1970"]
[BlackElo "1960"]
[Result "1-0"]
[Round "1"]
1.e4 e5
2.Ng1f3 Nb8c6
3.d4 exd4
4.Nf3xd4 Nc6xd4
5.Qd1xd4 d6
6.Nb1c3 h6
7.Bc1e3 Ng8e7
8.Bf1c4 Ne7c6
9.Qd4d2 Nc6e5
10.Bc4e2 Bc8e6
11.O-O c6
12.Ra1d1 Ne5c4
13.Be2xc4 Be6xc4
14.Rf1e1 Bf8e7
15.b3 Bc4e6
16.f4 f5
17.Be3d4 Rh8g8
18.exf5 Be6xf5
19.Nc3e4 Bf5xe4
20.Re1xe4 Kd7
21.Rd1e1 Be7f6
22.Bd4xf6 gxf6
23.c4 Qd8b6
24.Kh1 Ra8e8
25.h3 Re8xe4
26.Re1xe4 Rg8g7
27.g4 c5
28.Qd2e2 Qb6c6
29.Kh2 d5
30.cxd5 Qc6xd5
31.Re4e3 a6
32.Re3d3 Kc6
33.Rd3xd5 { resign }
1-0

[Event "Match"]
[Site "www.echecsemail.com"]
[Date "2016.12.04"]
[Round "1"]
[White "Autmich"]
[Black "Sorel"]
[WhiteElo "999"]
[BlackElo "2000"]
[Result "0-1"]
[Round "1"]
1.e4 c5
2.Ng1f3 Nb8c6
3.Bf1c4 e6
4.O-O Ng8f6
5.Nb1c3 Bf8e7
6.d4 d5
7.Rf1e1 dxc4
{ resign }
0-1

[Event "Match"]
[Site "www.echecsemail.com"]
[Date "2016.12.04"]
[Round "1"]
[White "Urbe69"]
[Black "Manuelito"]
[WhiteElo "1729"]
[BlackElo "1740"]
[Result "1-0"]
[Round "1"]
1.d4 d5
2.Ng1f3 e6
3.c4 Ng8f6
4.g3 c6
5.Bf1g2 Bf8e7
6.O-O O-O
7.Qd1c2 Nb8d7
8.b3 Rf8e8
9.Rf1d1 b6
10.Nb1d2 Bc8b7
11.Bc1b2 dxc4
12.Nd2xc4 Ra8c8
13.Nf3e5 Nd7xe5
14.dxe5 Nf6d5
15.e4 Nd5b4
16.Qc2e2 Qd8c7
17.a3 Nb4a6
18.Nc4d6 Be7xd6
19.exd6 Qc7d7
20.Qe2g4 f6
21.Bb2xf6 Re8f8
22.Bf6e7 Rf8f7
23.Ra1c1 Rf7xe7
24.dxe7 Qd7xe7
25.e5 Rc8f8
26.Bg2xc6 Bb7xc6
27.Rc1xc6 Qe7xa3
28.Qg4xe6 Kh8
29.Rc6c8 { resign }
1-0

[Event "Match"]
[Site "www.echecsemail.com"]
[Date "2016.12.04"]
[Round "1"]
[White "Vinvangogh"]
[Black "Stevep84"]
[WhiteElo "1310"]
[BlackElo "2250"]
[Result "0-1"]
[Round "1"]
1.Ng1f3 d5
2.d4 Bc8f5
3.Nb1c3 e6
4.Bc1g5 Bf8e7
5.Bg5xe7 Ng8xe7
6.e3 Nb8c6
7.Bf1b5 a6
8.Bb5xc6 Ne7xc6
9.O-O Qd8e7
10.a3 O-O-O
11.b4 g5
 { time }
0-1

[Event "Match"]
[Site "www.echecsemail.com"]
[Date "2016.12.04"]
[Round "1"]
[White "Kazooie"]
[Black "Mrmoto"]
[WhiteElo "1499"]
[BlackElo "1680"]
[Result "1-0"]
[Round "1"]
1.c4 c5
2.Nb1c3 Nb8c6
3.e3 e6
4.d4 b6
5.Bf1e2 Qd8g5
6.Be2f3 Bc8b7
7.Ng1e2 Qg5e7
8.O-O O-O-O
9.d5 Qe7h4
10.dxc6 Bb7xc6
11.Bf3xc6 dxc6
12.Qd1a4 Ng8e7
13.Qa4xa7 Ne7f5
14.Qa7xb6 Qh4e7
15.Qb6xc6 Qe7c7
16.Qc6f3 { resign }
1-0

[Event "Fast Game"]
[Site "www.echecsemail.com"]
[Date "2016.12.04"]
[Round "1"]
[White "Jobeye"]
[Black "Redabond"]
[WhiteElo "1599"]
[BlackElo "1499"]
[Result "1-0"]
[Round "1"]
1.b3 d5
2.e3 Bc8f5
3.Nb1c3 Nb8c6
4.Bf1b5 Qd8d6
5.a4 O-O-O
6.Bc1a3 Qd6f6
7.Ng1f3 d4
8.exd4 Nc6xd4
9.Nf3xd4 Qf6xd4
10.Ba3c1 a6
11.Bb5c4 Ng8f6
12.Bc4xf7 Nf6g4
13.O-O e6
14.Bf7h5 Ng4f6
15.Bh5f3 Bf5e4
16.Ra1b1 Be4xf3
17.Qd1xf3 Qd4g4
18.Qf3xg4 h5
19.Qg4xe6 Kb8
20.d3 Bf8d6
21.Bc1g5 Rd8e8
22.Qe6f7 Re8e7
23.Qf7c4 Rh8f8
24.Nc3d5 Re7d7
25.Nd5xf6 gxf6
26.Bg5e3 f5
27.g3 Rd7g7
28.Be3h6 Rg7g4
29.f4 Rf8h8
30.Qc4e6 h4
31.Qe6xf5 Rh8g8
32.Bh6g5 Rg4xg5
33.fxg5 hxg3
34.hxg3 Bd6xg3
35.Rf1f3 { resign }
1-0

[Event "Tourn. n9069"]
[Site "www.chess-mail.com"]
[Date "2016.12.05"]
[Round "1"]
[White "Liencam2"]
[Black "Norlavuaram"]
[WhiteElo "2290"]
[BlackElo "2240"]
[Result "1/2-1/2"]
[Round "1"]
1.e4 e5
2.Ng1f3 Nb8c6
3.d4 exd4
4.c3 d5
5.exd5 Qd8xd5
6.cxd4 Bc8g4
7.Bf1e2 O-O-O
8.Nb1c3 Bf8b4
9.O-O Qd5d7
10.d5 Nc6e7
11.Be2b5 Qd7f5
12.Qd1a4 Bb4xc3
13.Qa4xa7 c6
14.Nf3h4 Qf5h5
15.dxc6 Qh5xb5
16.Qa7a8 Kc7
17.Bc1f4 Bc3e5
18.Bf4xe5 Qb5xe5
19.Qa8xb7 Kd6
20.Qb7b4 Kc7
21.Qb4b7 Kd6
22.Qb7b4 Kc7
23.Qb4b7 { draw }
1/2-1/2

[Event "Tourn. n9098"]
[Site "www.chess-mail.com"]
[Date "2016.12.05"]
[Round "1"]
[White "B0zata"]
[Black "Bojan"]
[WhiteElo "2270"]
[BlackElo "2050"]
[Result "1/2-1/2"]
[Round "1"]
1.Ng1f3 g6
2.e4 a6
3.d4 d5
4.Nb1c3 e6
5.Bc1g5 f6
6.Bg5e3 dxe4
7.Nc3xe4 b6
8.Bf1c4 c6
9.c3 Bf8g7
10.O-O Ng8e7
11.Be3f4 Ne7d5
12.Ne4d6 Kf8
13.Bc4xd5 cxd5
14.Nd6xc8 Qd8xc8
15.Qd1b3 Qc8c6
16.Rf1e1 Kf7
17.Ra1c1 b5
18.Qb3c2 Nb8d7
19.h3 h6
20.Nf3h4 f5
21.Qc2d3 Nd7f6
22.Bf4e5 Nf6e4
23.Nh4f3 Rh8f8
24.Be5xg7 Kxg7
25.Nf3e5 Qc6c7
26.h4 Ra8e8
27.h5 gxh5
28.Re1xe4 fxe4
29.Qd3g3 Kh7
30.Qg3g6 Kh8
31.Qg6xh6 Qc7h7
32.Ne5g6 Kg8
33.Qh6xh7 Kxh7
34.Ng6xf8 Re8xf8
35.Rc1e1 Rf8f6
36.Re1e3 Kg6
37.Re3g3 Kf7
38.Rg3g5 Rf6f5
39.Rg5g3 e5
{ draw }
1/2-1/2

[Event "Tourn. n9024"]
[Site "www.chess-mail.com"]
[Date "2016.12.05"]
[Round "1"]
[White "Bojan"]
[Black "Silent1"]
[WhiteElo "1940"]
[BlackElo "1930"]
[Result "1-0"]
[Round "1"]
1.c4 c5
2.Ng1f3 Nb8c6
3.d4 Nc6xd4
4.Nf3xd4 cxd4
5.Qd1xd4 Ng8f6
6.e4 d6
7.b4 e5
8.Qd4d3 Bf8e7
9.h3 O-O
10.Nb1c3 Bc8d7
11.f4 exf4
12.Bc1xf4 Qd8b6
13.a3 Nf6h5
14.Bf4h2 Be7g5
15.Nc3d5 Qb6d8
16.g3 Bd7c6
17.Bf1e2 Bc6xd5
18.exd5 Rf8e8
19.O-O Bg5e3
20.Kg2 Nh5f6
21.g4 Be3b6
22.Be2d1 Re8e3
23.Qd3c2 Bb6d4
24.Rf1f4 Bd4b6
25.Bh2g1 Re3e5
26.Bd1e2 Bb6xg1
27.Ra1xg1 Qd8e7
28.Rg1e1 Ra8e8
29.Kf1 Qe7d7
30.Rf4f3 Re5e3
31.Rf3xe3 Re8xe3
32.Be2d3 Re3xe1
33.Kxe1 Qd7e7
34.Kf2 h6
35.Kf3 Qe7e5
36.Qc2c1 Qe5d4
37.Qc1e3 Qd4xe3
38.Kxe3 g5
39.Kd4 b6
40.c5 bxc5
41.bxc5 dxc5
42.Kxc5 Kf8
43.Kc6 Ke8
44.d6 Nf6d7
45.Bd3f5 Nd7e5
46.Kc7 a5
47.d7 Ne5xd7
48.Bf5xd7 Ke7
49.Bd7b5 f6
50.Bb5d3 Ke6
51.Kb6 { resign }
1-0

[Event "Tourn. n9044"]
[Site "www.chess-mail.com"]
[Date "2016.12.05"]
[Round "1"]
[White "Caspito"]
[Black "Ditto"]
[WhiteElo "1850"]
[BlackElo "1780"]
[Result "0-1"]
[Round "1"]
1.e4 c5
2.c3 e6
3.d4 cxd4
4.cxd4 Nb8c6
5.Ng1f3 Bf8b4
6.Bc1d2 Qd8b6
7.Bd2xb4 Qb6xb4
8.Qd1d2 Ng8f6
9.Qd2xb4 Nc6xb4
10.Nb1a3 Nf6xe4
11.Ra1c1 O-O
12.Bf1e2 d5
13.O-O Bc8d7
14.Rc1c7 Bd7c6
15.Nf3e5 Ne4d2
16.Rf1d1 Nd2e4
17.Ne5xc6 bxc6
18.f3 Ne4d6
19.Rc7d7 Nd6f5
20.Rd7b7 Ra8b8
21.Rb7c7 Nb4xa2
22.Rd1b1 Na2b4
23.Rc7xa7 Nf5xd4
24.Kf2 Nd4xe2
25.Kxe2 c5
26.g4 Nb4c6
27.Na3c2 Nc6xa7
{ resign }
0-1

[Event "Tourn. n9048"]
[Site "www.chess-mail.com"]
[Date "2016.12.05"]
[Round "1"]
[White "Francesco"]
[Black "Bojan"]
[WhiteElo "1920"]
[BlackElo "1960"]
[Result "0-1"]
[Round "1"]
1.d4 d5
2.c4 dxc4
3.Ng1f3 b5
4.Nb1c3 c6
5.e4 e6
6.Bc1f4 Bc8b7
7.Bf1e2 h6
8.O-O Ng8e7
9.Qd1d2 Ne7g6
10.Nf3e5 Ng6xf4
11.Qd2xf4 Qd8f6
12.Qf4xf6 gxf6
13.Ne5g4 Bf8g7
14.a4 a6
15.f4 h5
16.Ng4e3 Nb8d7
17.Rf1d1 h4
18.h3 Bg7h6
19.Rd1f1 f5
20.exf5 Nd7f6
21.fxe6 fxe6
22.Ne3g4 Nf6xg4
23.Be2xg4 Kf7
24.Ra1e1 Ra8e8
25.Nc3e4 Re8d8
26.Ne4c5 Bb7c8
27.Bg4xe6 Kf6
28.f5 Rd8xd4
29.Be6xc8 Rh8xc8
30.Re1e6 Kg7
31.f6 Kf8
32.Nc5xa6 Rd4d2
33.axb5 cxb5
34.Rf1f2 Rd2d3
35.Na6b4 Rd3b3
36.Nb4d5 Rc8d8
37.Nd5c7 Bh6e3
38.Re6xe3 Rb3xe3
39.Nc7xb5 Re3e1
40.Kh2 Rd8d1
41.g3 Re1h1
42.Kg2 Rh1g1
43.Kf3 Rg1xg3
44.Ke2 Rd1d3
45.Rf2f4 Rg3g2
46.Kf1 Rg2xb2
{ resign }
0-1

[Event "Tourn. n9011"]
[Site "www.chess-mail.com"]
[Date "2016.12.05"]
[Round "1"]
[White "Andychesston"]
[Black "Huw"]
[WhiteElo "2030"]
[BlackElo "2220"]
[Result "0-1"]
[Round "1"]
1.e4 c5
2.Ng1f3 g6
3.d4 Bf8g7
4.Bc1e3 Ng8f6
5.e5 Nf6d5
6.Qd1d2 Nd5xe3
7.Qd2xe3 cxd4
8.Nf3xd4 Qd8a5
9.c3 Qa5xe5
10.Nb1d2 O-O
11.O-O-O Nb8c6
12.Nd2b3 d5
13.Qe3d3 Qe5f4
14.Rd1d2 Bg7h6
15.Nd4xc6 bxc6
16.Nb3d4 c5
17.Nd4f3 Bc8f5
18.Qd3xd5 Ra8d8
19.g3 Qf4a4
20.Qd5b3 Qa4e4
21.Kd1 Qe4xf3
{ resign }
0-1

[Event "Tourn. n9062"]
[Site "www.chess-mail.com"]
[Date "2016.12.05"]
[Round "1"]
[White "Falcoale"]
[Black "Bojan"]
[WhiteElo "1870"]
[BlackElo "1960"]
[Result "1-0"]
[Round "1"]
1.e4 e5
2.Ng1f3 d6
3.Bf1c4 h6
4.h3 Ng8f6
5.d3 Nb8c6
6.a3 a6
7.Nb1c3 Bf8e7
8.Nc3d5 Nf6xd5
9.Bc4xd5 Nc6a7
10.O-O c6
11.Bd5a2 Na7b5
12.Nf3h2 Nb5d4
13.c3 Nd4e6
14.Kh1 Ne6g5
15.f4 exf4
16.Bc1xf4 Ng5e6
17.Bf4g3 f6
18.d4 Ne6g5
19.Rf1e1 Bc8d7
20.Qd1h5 Kf8
21.h4 Bd7e8
22.Qh5e2 Ng5f7
23.Nh2g4 Qd8d7
24.Ba2xf7 Be8xf7
25.e5 fxe5
26.dxe5 Kg8
27.exd6 Be7xd6
28.Ra1d1 Bf7h5
29.Ng4f6 gxf6
30.Qe2xh5 Rh8h7
31.Bg3xd6 b6
32.b4 Ra8c8
33.Bd6c5 Qd7c7
34.Bc5d4 Qc7f4
35.Re1f1 Qf4e4
36.Rd1e1 Qe4d3
37.Re1e8 { resign }
1-0

[Event "Tourn. n8945"]
[Site "www.chess-mail.com"]
[Date "2016.12.05"]
[Round "1"]
[White "Goofy"]
[Black "Tartan"]
[WhiteElo "2310"]
[BlackElo "2440"]
[Result "1/2-1/2"]
[Round "1"]
1.e4 c5
2.Ng1f3 Nb8c6
3.Nb1c3 d6
4.d4 cxd4
5.Nf3xd4 Ng8f6
6.Bf1e2 e5
7.Nd4f3 Bf8e7
8.O-O O-O
9.h3 h6
10.Rf1e1 Bc8e6
11.Be2f1 Nc6b8
12.b3 a6
13.a4 Nb8d7
14.Bc1b2 Qd8c8
15.Nf3d2 Qc8c7
16.Nd2c4 Nd7b6
17.Nc4e3 Rf8c8
18.Ra1c1 Qc7c5
19.Qd1f3 Qc5a5
20.Ne3f5 Be6xf5
21.exf5 Rc8c6
22.Nc3e4 Nf6xe4
23.Qf3xe4 Be7g5
24.Rc1d1 d5
25.Qe4g4 d4
26.Bf1d3 Nb6d7
27.Re1e2 { draw }
1/2-1/2

[Event "Tourn. n9009"]
[Site "www.chess-mail.com"]
[Date "2016.12.05"]
[Round "1"]
[White "Panham"]
[Black "Huw"]
[WhiteElo "2200"]
[BlackElo "2220"]
[Result "0-1"]
[Round "1"]
1.e4 c5
2.Ng1f3 d6
3.Bf1b5 Nb8c6
4.O-O g6
5.Rf1e1 Bf8g7
6.c3 a6
7.Bb5a4 b5
8.Ba4c2 Ng8f6
9.d4 O-O
10.Bc1g5 Bc8g4
11.Bg5e3 Qd8c7
12.Nb1d2 Ra8b8
13.h3 Bg4d7
14.e5 Nf6d5
15.exd6 exd6
16.dxc5 Nd5xe3
17.cxd6 Qc7xd6
18.Re1xe3 Rb8d8
19.Qd1e2 Bd7e6
20.Ra1d1 Be6xa2
21.b3 Qd6a3
22.Rd1a1 Qa3b2
23.Qe2d1 b4
24.Qd1c1 Qb2xc1
25.Ra1xc1 bxc3
26.Nd2c4 Nc6b4
27.Bc2d1 Bg7h6
28.Re3xc3 Bh6xc1
29.Rc3xc1 Rf8e8
30.Kh2 Rd8d3
31.Nc4e5 Rd3d5
32.Ne5g4 Re8e6
33.Kg3 h5
34.Ng4e3 Rd5d8
35.Rc1c7 Re6xe3
36.fxe3 Rd8xd1
37.Nf3e5 Ba2xb3
38.Rc7b7 a5
39.Kf4 Nb4d3
40.Ne5xd3 Rd1xd3
{ resign }
0-1

[Event "Tourn. n9002"]
[Site "www.chess-mail.com"]
[Date "2016.12.05"]
[Round "1"]
[White "Nimzo"]
[Black "Jose"]
[WhiteElo "2780"]
[BlackElo "2770"]
[Result "1/2-1/2"]
[Round "1"]
1.d4 d5
2.c4 e5
3.dxe5 d4
4.Ng1f3 Nb8c6
5.a3 Ng8e7
6.Nb1d2 Ne7g6
7.Nd2b3 Bf8e7
8.Nf3xd4 Nc6xe5
9.Qd1c2 O-O
10.e3 c5
11.Nd4f5 Bc8xf5
12.Qc2xf5 Qd8b6
13.Nb3d2 Ra8d8
14.Bf1e2 Qb6c6
15.Nd2f3 Ne5xf3
16.Qf5xf3 Qc6b6
17.O-O f5
18.b4 Ng6e5
19.Qf3g3 Ne5d3
20.Ra1b1 Qb6e6
21.Bc1b2 { draw }
1/2-1/2

[Event "Tourn. n9020"]
[Site "www.chess-mail.com"]
[Date "2016.12.05"]
[Round "1"]
[White "Faerieking"]
[Black "Sandokam"]
[WhiteElo "2170"]
[BlackElo "2220"]
[Result "0-1"]
[Round "1"]
1.e4 c6
2.Ng1f3 g6
3.d4 d6
4.Bf1c4 d5
5.exd5 cxd5
6.Bc4d3 Bf8g7
7.O-O Nb8c6
8.c3 Ng8f6
9.Rf1e1 O-O
10.Nb1d2 Qd8c7
11.Nd2f1 a6
12.a4 Bc8g4
13.h3 Bg4xf3
14.Qd1xf3 e5
15.dxe5 Nc6xe5
16.Qf3d1 Ra8d8
17.Bc1f4 Rf8e8
18.Ra1c1 Nf6e4
19.Qd1c2 Ne4c5
20.Bd3e2 Nc5e6
21.Bf4xe5 Bg7xe5
22.Be2g4 d4
23.cxd4 Qc7xc2
24.Rc1xc2 Ne6xd4
25.Rc2c1 h5
26.Bg4c8 Nd4b3
{ resign }
0-1

[Event "Tourn. n9094"]
[Site "www.chess-mail.com"]
[Date "2016.12.05"]
[Round "1"]
[White "Bojan"]
[Black "Norlavuaram"]
[WhiteElo "2050"]
[BlackElo "2250"]
[Result "0-1"]
[Round "1"]
1.e4 e5
2.Ng1f3 Nb8c6
3.d4 exd4
4.Nf3xd4 Bf8c5
5.Nd4xc6 Qd8f6
6.Qd1e2 Qf6xc6
7.c3 Ng8e7
8.Qe2f3 O-O
9.Nb1d2 Ne7g6
10.g3 Ng6e5
11.Qf3e2 d5
12.Bf1g2 d4
13.cxd4 Bc5xd4
14.Nd2b3 Bd4b6
15.Bc1f4 Ne5g4
16.O-O Bc8e6
17.h3 Ng4f6
18.e5 Nf6d5
19.Rf1d1 Ra8d8
20.Nb3d4 Qc6e8
21.Bf4g5 Rd8d7
22.Rd1d3 h6
23.Bg5d2 c6
24.Nd4xe6 fxe6
25.Ra1f1 Rd7f7
26.Rd3f3 Rf7xf3
27.Bg2xf3 Qe8f7
28.Kg2 Bb6c7
29.a3 Qf7f5
30.Rf1e1 Qf5c2
31.Bd2c1 Qc2xe2
32.Re1xe2 Kf7
33.Bf3e4 Ke7
34.Be4c2 Bc7b6
35.h4 Kd7
36.f4 Kc7
37.Kh3 Kd7
38.Kg4 Ke7
39.Bc2e4 Kf7
40.Bc1d2 g6
41.h5 gxh5
42.Kxh5 Kg7
43.Kg4 Bb6d4
44.Bd2c1 Bd4b6
45.Be4xd5 cxd5
46.Re2c2 Rf8d8
47.Kf3 Kg6
48.g4 Rd8d7
49.Bc1e3 d4
50.Be3d2 d3
51.Rc2c3 h5
52.gxh5 Kxh5
53.Ke4 Rd7d4
54.Kf3 Kg6
55.b3 Kf5
56.Rc3c1 Rd4e4
57.Rc1g1 Bb6d8
58.Bd2e3 Re4xe3
{ resign }
0-1

[Event "Tourn. n9014"]
[Site "www.chess-mail.com"]
[Date "2016.12.05"]
[Round "1"]
[White "Cal"]
[Black "Aalekhine"]
[WhiteElo "1610"]
[BlackElo "1869"]
[Result "0-1"]
[Round "1"]
1.d4 e6
2.e4 c5
3.Bf1b5 a6
4.Bb5a4 b5
5.Ba4b3 c4
6.Bb3xc4 bxc4
7.c3 d5
8.e5 g6
9.Ng1f3 Bf8g7
10.a4 Ng8e7
11.O-O O-O
12.h3 Nb8c6
13.Bc1f4 f6
14.Nb1d2 fxe5
15.dxe5 Rf8xf4
16.Nf3h2 Nc6xe5
17.b3 Ne5d3
18.f3 Bg7xc3
19.bxc4 Bc3xa1
20.Qd1xa1 dxc4
21.Nd2e4 Ne7d5
22.Nh2g4 Qd8b6
23.Kh2 Qb6b2
24.Qa1d1 Rf4f8
25.Ng4h6 Kg7
26.Nh6g4 Nd3f4
27.Rf1f2 Qb2b6
28.Ng4e5 Nd5f6
29.Rf2c2 Nf6xe4
30.fxe4 Bc8b7
31.Rc2xc4 Qb6f2
32.Qd1g4 Nf4e2
33.Rc4c7 Kh8
34.Rc7xh7 Kxh7
35.Qg4xg6 Kh8
36.Qg6h6 Kg8
37.Ne5g6 Qf2g3
38.Kh1 Rf8f1

0-1

[Event "Tourn. n8992"]
[Site "www.chess-mail.com"]
[Date "2016.12.05"]
[Round "1"]
[White "Greghghs"]
[Black "Seger"]
[WhiteElo "2310"]
[BlackElo "2780"]
[Result "0-1"]
[Round "1"]
1.e4 c5
2.Nb1c3 Nb8c6
3.f4 e6
4.Ng1f3 d5
5.Bf1b5 Ng8e7
6.exd5 Ne7xd5
7.O-O Bf8e7
8.Nf3e5 Bc8d7
9.Bb5xc6 Bd7xc6
10.Ne5xc6 bxc6
11.b3 Nd5xc3
12.dxc3 Be7f6
13.Qd1f3 O-O
14.Bc1b2 Qd8b6
15.Kh1 h6
16.Ra1d1 Ra8d8
17.Qf3e3 Rd8xd1
18.Rf1xd1 Qb6a5
19.a3 c4
20.b4 Qa5f5
21.Rd1d2 a5
22.h3 axb4
23.axb4 e5
24.fxe5 Rf8e8
25.Rd2f2 Qf5xe5
26.Qe3xe5 Re8xe5
27.Kg1 Bf6h4
28.Bb2c1 Bh4xf2
29.Kxf2 Re5e8
30.Bc1e3 Re8a8
31.Ke2 f6
32.Be3d4 Kf7
33.Bd4c5 Ke6
34.Ke3 Kd5
35.Bc5d4 Ra8a2
36.Kd2 Ke4
37.Bd4c5 f5
38.Bc5f8 Ra2a8
39.Bf8c5 g5
40.Ke2 f4
{ resign }
0-1

[Event "Tourn. n9043"]
[Site "www.chess-mail.com"]
[Date "2016.12.05"]
[Round "1"]
[White "Osopanda"]
[Black "Norlavuaram"]
[WhiteElo "2060"]
[BlackElo "2230"]
[Result "0-1"]
[Round "1"]
1.Ng1f3 Ng8f6
2.c4 g6
3.d4 Bf8g7
4.Nb1c3 O-O
5.g3 d5
6.cxd5 Nf6xd5
7.Bf1g2 c5
8.O-O Nb8c6
9.dxc5 Nd5xc3
10.bxc3 Bg7xc3
11.Ra1b1 Qd8a5
12.Qd1b3 Bc8f5
13.Bc1h6 Rf8b8
14.Rb1c1 Bc3f6
15.Bh6g5 Bf6g7
16.Rf1e1 Bf5e6
17.Qb3c2 Qa5xa2
18.e4 Qa2xc2
19.Rc1xc2 a5
20.e5 Rb8d8
21.Nf3d2 h6
22.Bg2xc6 bxc6
23.Bg5xe7 Rd8d3
24.Be7f6 Bg7xf6
25.exf6 a4
26.Re1a1 a3
27.h4 a2
28.Nd2f1 Ra8d8
29.Nf1e3 Rd8b8
30.Kg2 Rb8b1
31.Ra1xa2 Be6xa2
32.Rc2xa2 Rb1b7
33.Ne3c4 Rd3c3
34.Nc4d6 Rb7b8
35.Ra2a7 Rb8f8
36.Ra7c7 Rc3xc5
37.g4 g5
38.hxg5 Rc5xg5
39.Kh3 c5
40.f4 Rg5d5
41.Nd6f5 Kh7
42.Nf5e7 Rd5d4
43.Kg3 c4
44.g5 Rd4d3
45.Kg4 c3
46.Ne7f5 hxg5
47.Kxg5 Rd3d5
48.Rc7xc3 Rf8g8
49.Kh4 Rd5xf5
{ resign }
0-1

[Event "Tourn. n9057"]
[Site "www.chess-mail.com"]
[Date "2016.12.05"]
[Round "1"]
[White "Szustan"]
[Black "Foxy100"]
[WhiteElo "2660"]
[BlackElo "2340"]
[Result "1-0"]
[Round "1"]
1.e4 e5
2.Ng1f3 Nb8c6
3.Nb1c3 Ng8f6
4.d4 exd4
5.Nc3d5 Bf8e7
6.Bf1c4 O-O
7.O-O d6
8.Nf3xd4 Nc6xd4
9.Qd1xd4 Nf6xd5
10.Bc4xd5 Be7f6
11.Qd4d3 Rf8e8
12.c3 a5
13.f4 c6
14.Bd5b3 g6
15.f5 a4
16.Bb3xf7 Kxf7
17.fxg6 Kg8
18.Qd3f3 Bf6g7
19.Qf3f7 Kh8
20.Bc1h6 Re8g8
21.e5 Bc8d7
22.e6 { resign }
1-0

[Event "Tourn. n9085"]
[Site "www.chess-mail.com"]
[Date "2016.12.05"]
[Round "1"]
[White "Urbe69"]
[Black "Nulladies"]
[WhiteElo "1729"]
[BlackElo "1830"]
[Result "1-0"]
[Round "1"]
1.d4 Ng8f6
2.Ng1f3 b6
3.Bc1g5 e6
4.e4 h6
5.Bg5xf6 Qd8xf6
6.Bf1d3 Nb8c6
7.c3 d5
8.Nb1d2 Bc8b7
9.O-O O-O-O
10.b4 Nc6xb4
11.cxb4 Bf8xb4
12.e5 Qf6f4
13.g3 Qf4g4
14.Qd1a4 Bb4c3
15.Ra1c1 Bc3xd2
16.Nf3xd2 c5
17.Qa4xa7 Kc7
18.dxc5 { resign }
1-0

[Event "Tourn. n9037"]
[Site "www.chess-mail.com"]
[Date "2016.12.05"]
[Round "1"]
[White "Julian"]
[Black "Tonino1"]
[WhiteElo "1990"]
[BlackElo "2030"]
[Result "1-0"]
[Round "1"]
1.e4 c6
2.d4 d5
3.e5 Bc8f5
4.Ng1f3 e6
5.Bc1e3 Qd8b6
6.Qd1c1 h6
7.Nb1d2 Nb8d7
8.c4 Bf8b4
9.a3 Bb4xd2
10.Qc1xd2 Ng8e7
11.c5 Qb6c7
12.Bf1e2 b6
13.cxb6 axb6
14.b4 c5
15.bxc5 bxc5
16.dxc5 O-O
17.O-O Ne7g6
18.Nf3d4 Ng6xe5
19.Nd4xf5 exf5
20.Rf1c1 Ra8a5
21.c6 Nd7f6
22.Ra1b1 Ra5xa3
23.Be3c5 Nf6e4
24.Qd2xd5 Rf8d8
25.Qd5xd8 Qc7xd8
26.Bc5xa3 Kh7
27.c7 Qd8d2
28.Rc1e1 Qd2d4
29.c8Q Qd4xf2
30.Kh1 Qf2d4
31.h3 Ne4f2
32.Kh2 Qd4f4
33.g3 Ne5f3
34.Be2xf3 Qf4xf3
35.Ba3d6 Nf2e4
36.Re1xe4 fxe4
37.Qc8c2 { resign }
1-0